Nadmorskie powiaty - nagła śmierć - Statystyki

Ogólne statystyki
  • Ten quiz został rozwiązany 428 razy
  • Średni wynik to 6 z 14
Answers on the Grid
Answers color-coded by a green-red scale on the quiz's grid according to % correct below.
Białogardzki
Braniewski
Darłowski
Elbląski
Gdańsk
Gdański
Gdynia
Gryficki
Kamieński
Kartuski
Kołobrzeski
Koszaliński
Lęborski
Malborski
Nowodworski
Policki
Pucki
Sławieński
Słupski
Sopot
Świnoujście
Szczecin
Tczewski
Wejherowski
 
Statystyki odpowiedzi
Odpowiedź % Poprawnych
Gdańsk
79%
Gdynia
56%
Świnoujście
52%
Sopot
49%
Kołobrzeski
48%
Pucki
48%
Lęborski
38%
Koszaliński
37%
Wejherowski
37%
Słupski
35%
Kamieński
29%
Sławieński
26%
Gryficki
23%
Nowodworski
20%
Nie znaleziono quizów pasujących do podanych kryteriów
Rozkład punktacji
Procent ludzi z każdym wynikiem
Percentyl według liczby udzielonych odpowiedzi
Twoja historia wyników
Nie rozwiązałeś tego quizu